[Event "Turniej Blitza na II Lidze Juniorów 2018"]
[Site "Szczyrk, Poland"]
[Date "????.??.??"]
[Round "9.24"]
[White "Pedrak, Paulina"]
[Black "Burdzicki, Stanislaw"]
[Result "0-1"]
[TimeControl "3'+2\""]
[WhiteElo "1596"]
[BlackElo "1384"]

1. e4 {[%clk 00:03:03]} c5 {[%clk 00:03:03]} {[%emt 00:00:01]} 2. Nf3 {[%clk
00:03:04]} {[%emt 00:00:02]} g6 {[%clk 00:02:59]} {[%emt 00:00:06]} 3. c3
{[%clk 00:03:03]} {[%emt 00:00:02]} Bg7 {[%clk 00:02:59]} {[%emt 00:00:03]} 4.
Bc4 {[%clk 00:02:44]} {[%emt 00:00:21]} e6 {[%clk 00:02:34]} {[%emt 00:00:27]}
5. d4 {[%clk 00:02:35]} {[%emt 00:00:11]} cxd4 6. cxd4 {[%clk 00:02:36]} d5
{[%clk 00:02:13]} {[%emt 00:00:20]} 7. Bb5+ {[%clk 00:02:33]} {[%emt 00:00:06]}
Bd7 {[%clk 00:02:13]} {[%emt 00:00:02]} 8. Bxd7+ {[%clk 00:02:32]} {[%emt
00:00:02]} Qxd7 {[%clk 00:02:09]} {[%emt 00:00:06]} 9. e5 {[%clk 00:02:27]}
{[%emt 00:00:07]} Ne7 {[%clk 00:02:06]} {[%emt 00:00:05]} 10. Nc3 {[%clk
00:02:24]} {[%emt 00:00:05]} O-O {[%clk 00:02:06]} {[%emt 00:00:02]} 11. O-O
{[%clk 00:01:55]} {[%emt 00:00:32]} Nbc6 {[%clk 00:02:06]} {[%emt 00:00:02]} 12.
h3 {[%clk 00:01:41]} {[%emt 00:00:16]} Nf5 {[%clk 00:02:02]} {[%emt 00:00:06]}
13. g4 {[%clk 00:01:38]} {[%emt 00:00:04]} Nfe7 {[%clk 00:01:58]} {[%emt
00:00:06]} 14. Qd3 {[%clk 00:01:18]} {[%emt 00:00:22]} f6 {[%clk 00:01:55]}
{[%emt 00:00:06]} 15. Bf4 {[%clk 00:00:47]} {[%emt 00:00:33]} fxe5 {[%clk
00:01:51]} {[%emt 00:00:06]} 16. Nxe5 {[%clk 00:00:47]} {[%emt 00:00:02]} Nxe5
{[%clk 00:01:50]} {[%emt 00:00:02]} 17. Bxe5 {[%clk 00:00:48]} {[%emt
00:00:01]} Bxe5 {[%clk 00:01:50]} {[%emt 00:00:02]} 18. dxe5 {[%clk 00:00:49]}
Nc6 {[%clk 00:01:46]} {[%emt 00:00:07]} 19. f4 {[%clk 00:00:48]} {[%emt
00:00:04]} Rf7 {[%clk 00:01:37]} {[%emt 00:00:11]} 20. Rf2 {[%clk 00:00:32]}
{[%emt 00:00:17]} Raf8 {[%clk 00:01:38]} 21. Raf1 {[%clk 00:00:34]} a6 {[%clk
00:01:30]} {[%emt 00:00:10]} 22. Ne2 {[%clk 00:00:31]} {[%emt 00:00:05]} Nb4
{[%clk 00:01:18]} {[%emt 00:00:13]} 23. Qb3 {[%clk 00:00:30]} {[%emt 00:00:04]}
Nc6 {[%clk 00:01:12]} {[%emt 00:00:07]} 24. Qd3 {[%clk 00:00:24]} {[%emt
00:00:07]} b5 {[%clk 00:01:12]} {[%emt 00:00:03]} 25. a3 {[%clk 00:00:25]}
{[%emt 00:00:02]} Kg7 {[%clk 00:01:02]} {[%emt 00:00:11]} 26. Kg2 {[%clk
00:00:21]} {[%emt 00:00:06]} Kg8 {[%clk 00:00:59]} {[%emt 00:00:05]} 27. Ng3
{[%clk 00:00:10]} {[%emt 00:00:14]} Qa7 {[%clk 00:00:53]} {[%emt 00:00:08]} 28.
Rf3 {[%clk 00:00:07]} {[%emt 00:00:05]} Nd4 {[%clk 00:00:49]} {[%emt 00:00:05]}
29. R3f2 {[%clk 00:00:08]} {[%emt 00:00:02]} Nc6 {[%clk 00:00:49]} {[%emt
00:00:02]} 30. Rf3 {[%clk 00:00:10]} Qd4 {[%clk 00:00:33]} {[%emt 00:00:18]} 31.
Qxd4 {[%clk 00:00:07]} {[%emt 00:00:05]} Nxd4 {[%clk 00:00:34]} {[%emt
00:00:01]} 32. R3f2 {[%clk 00:00:08]} Nb3 {[%clk 00:00:29]} {[%emt 00:00:07]}
33. Ne2 {[%clk 00:00:09]} {[%emt 00:00:02]} Rc8 {[%clk 00:00:26]} {[%emt
00:00:04]} 34. Rf3 {[%clk 00:00:10]} Nd2 {[%clk 00:00:27]} {[%emt 00:00:02]} 35.
Nd4 {[%clk 00:00:06]} {[%emt 00:00:07]} Nxf1 {[%clk 00:00:26]} {[%emt
00:00:03]} 36. Rxf1 {[%clk 00:00:07]} {[%emt 00:00:01]} Re7 {[%clk 00:00:27]}
37. Rd1 {[%clk 00:00:07]} {[%emt 00:00:02]} Rc4 {[%clk 00:00:28]} 38. Kf3
{[%clk 00:00:08]} {[%emt 00:00:02]} Kf7 {[%clk 00:00:28]} {[%emt 00:00:01]} 39.
Ke3 {[%clk 00:00:10]} Rec7 {[%clk 00:00:29]} {[%emt 00:00:01]} 40. h4 {[%clk
00:00:10]} {[%emt 00:00:01]} b4 {[%clk 00:00:29]} {[%emt 00:00:02]} 41. Rd2
{[%clk 00:00:09]} {[%emt 00:00:04]} bxa3 {[%clk 00:00:30]} {[%emt 00:00:01]} 42.
bxa3 {[%clk 00:00:10]} {[%emt 00:00:01]} Rc3+ {[%clk 00:00:31]} 43. Kf2 {[%clk
00:00:11]} {[%emt 00:00:01]} Rxa3 {[%clk 00:00:32]} {[%emt 00:00:02]} 44. f5
{[%clk 00:00:09]} {[%emt 00:00:05]} gxf5 {[%clk 00:00:30]} 45. gxf5 {[%clk
00:00:11]} exf5 {[%clk 00:00:29]} 46. Nxf5 {[%emt 00:00:02]} Ke6 {[%clk
00:00:21]} {[%emt 00:00:09]} 47. Nd4+ {[%clk 00:00:12]} {[%emt 00:00:02]} Kxe5
{[%emt 00:00:03]} 48. Nf3+ Kd6 {[%clk 00:00:19]} {[%emt 00:00:03]} 49. Ng5
{[%emt 00:00:09]} Re7 {[%clk 00:00:14]} {[%emt 00:00:05]} 50. Rc2 {[%clk
00:00:07]} {[%emt 00:00:04]} h6 {[%clk 00:00:15]} {[%emt 00:00:01]} 51. Nf3
{[%clk 00:00:09]} Rf7 {[%clk 00:00:16]} 0-1

[Event "Turniej Blitza na II Lidze Juniorów 2018"]
[Site "Szczyrk, Poland"]
[Date "????.??.??"]
[Round "9.44"]
[White "Hals, Emilia"]
[Black "Wiszniewski, Szymon"]
[Result "1/2-1/2"]
[TimeControl "3'+2\""]
[WhiteElo "1198"]
[BlackElo "1391"]

1. e4 {[%clk 00:03:02]} {[%emt 00:00:01]} c5 {[%clk 00:03:04]} {[%emt
00:00:01]} 2. Nf3 {[%clk 00:03:03]} d6 {[%clk 00:03:05]} 3. c3 {[%clk
00:03:04]} {[%emt 00:00:01]} Nf6 {[%clk 00:03:06]} {[%emt 00:00:02]} 4. Bd3
{[%clk 00:03:05]} a6 {[%clk 00:03:05]} {[%emt 00:00:03]} 5. Bc2 {[%clk
00:03:05]} {[%emt 00:00:02]} b5 {[%clk 00:03:05]} {[%emt 00:00:02]} 6. d4
{[%clk 00:03:06]} {[%emt 00:00:01]} cxd4 {[%clk 00:03:04]} {[%emt 00:00:03]} 7.
cxd4 {[%clk 00:03:07]} Bb7 {[%clk 00:03:04]} 8. d5 {[%clk 00:03:05]} {[%emt
00:00:04]} e6 {[%clk 00:03:02]} {[%emt 00:00:04]} 9. dxe6 {[%clk 00:03:04]}
{[%emt 00:00:04]} fxe6 {[%clk 00:03:03]} 10. Nc3 {[%clk 00:02:57]} {[%emt
00:00:09]} b4 {[%clk 00:03:03]} {[%emt 00:00:02]} 11. Ne2 {[%clk 00:02:45]}
{[%emt 00:00:14]} Nxe4 {[%clk 00:03:04]} {[%emt 00:00:01]} 12. Bxe4 {[%clk
00:02:46]} Bxe4 {[%clk 00:03:06]} {[%emt 00:00:01]} 13. Ng3 {[%clk 00:02:43]}
{[%emt 00:00:05]} Bxf3 {[%clk 00:03:00]} {[%emt 00:00:07]} 14. Qxf3 {[%clk
00:02:44]} {[%emt 00:00:02]} Ra7 {[%clk 00:02:54]} {[%emt 00:00:08]} 15. Be3
{[%clk 00:02:43]} {[%emt 00:00:02]} Rf7 {[%clk 00:02:53]} {[%emt 00:00:03]} 16.
Qe4 {[%clk 00:02:37]} {[%emt 00:00:08]} e5 {[%clk 00:02:49]} {[%emt 00:00:07]}
17. Qxb4 {[%clk 00:02:33]} {[%emt 00:00:06]} d5 {[%clk 00:02:46]} {[%emt
00:00:04]} 18. Bc5 {[%clk 00:02:29]} {[%emt 00:00:06]} Nc6 {[%clk 00:02:31]}
{[%emt 00:00:17]} 19. Qa3 {[%clk 00:02:20]} {[%emt 00:00:11]} Bxc5 {[%clk
00:02:21]} {[%emt 00:00:12]} 20. Qxc5 {[%clk 00:02:20]} {[%emt 00:00:03]} Nd4
{[%clk 00:02:22]} 21. O-O {[%clk 00:02:14]} {[%emt 00:00:09]} Rc7 {[%clk
00:02:16]} {[%emt 00:00:08]} 22. Qb4 {[%clk 00:01:50]} {[%emt 00:00:25]} Qe7
{[%clk 00:02:02]} {[%emt 00:00:17]} 23. Qb8+ {[%clk 00:01:41]} {[%emt
00:00:09]} Qd8 {[%clk 00:01:59]} {[%emt 00:00:06]} 24. Qxd8+ {[%clk 00:01:40]}
{[%emt 00:00:03]} Kxd8 {[%clk 00:02:00]} 25. Rac1 {[%clk 00:01:35]} {[%emt
00:00:07]} h5 {[%clk 00:01:46]} {[%emt 00:00:16]} 26. Rfe1 {[%clk 00:01:22]}
{[%emt 00:00:14]} Rxc1 {[%clk 00:01:45]} {[%emt 00:00:04]} 27. Rxc1 {[%clk
00:01:22]} h4 {[%clk 00:01:46]} {[%emt 00:00:02]} 28. Rc5 {[%clk 00:01:05]}
{[%emt 00:00:18]} hxg3 {[%clk 00:01:47]} {[%emt 00:00:02]} 29. Rxd5+ {[%clk
00:01:04]} {[%emt 00:00:03]} Kc7 {[%clk 00:01:47]} 30. hxg3 {[%clk 00:01:01]}
{[%emt 00:00:06]} Re8 {[%clk 00:01:42]} {[%emt 00:00:06]} 31. f3 {[%clk
00:00:55]} {[%emt 00:00:08]} Kc6 {[%clk 00:01:38]} {[%emt 00:00:06]} 32. Ra5
{[%clk 00:00:55]} {[%emt 00:00:02]} Kb6 {[%clk 00:01:40]} {[%emt 00:00:02]} 33.
Rd5 {[%clk 00:00:54]} {[%emt 00:00:02]} Re7 {[%clk 00:01:12]} {[%emt 00:00:29]}
34. Kh2 {[%clk 00:00:39]} {[%emt 00:00:17]} Nc6 {[%clk 00:00:45]} {[%emt
00:00:30]} 35. Rd6 {[%clk 00:00:39]} {[%emt 00:00:02]} Kc5 {[%clk 00:00:44]}
{[%emt 00:00:02]} 36. Rg6 {[%clk 00:00:39]} {[%emt 00:00:03]} Kb5 {[%clk
00:00:33]} {[%emt 00:00:12]} 37. Kh3 {[%clk 00:00:35]} {[%emt 00:00:06]} Nd4
{[%clk 00:00:28]} {[%emt 00:00:07]} 38. Kg4 {[%clk 00:00:29]} {[%emt 00:00:08]}
Ne6 {[%clk 00:00:28]} {[%emt 00:00:02]} 39. Kf5 {[%clk 00:00:23]} {[%emt
00:00:08]} Nd4 {[%clk 00:00:24]} {[%emt 00:00:06]} 40. Ke4 {[%clk 00:00:21]}
{[%emt 00:00:04]} a5 {[%clk 00:00:19]} {[%emt 00:00:08]} 41. Rg5 {[%clk
00:00:17]} {[%emt 00:00:05]} Nc6 {[%clk 00:00:17]} {[%emt 00:00:03]} 42. Kd5
{[%clk 00:00:12]} {[%emt 00:00:08]} Rd7 {[%clk 00:00:12]} {[%emt 00:00:08]} 43.
Ke6 {[%clk 00:00:12]} {[%emt 00:00:02]} Re7+ {[%clk 00:00:12]} {[%emt
00:00:01]} 44. Kd6 {[%clk 00:00:12]} {[%emt 00:00:02]} Rf7 {[%clk 00:00:09]}
{[%emt 00:00:06]} 45. Ke6 {[%clk 00:00:10]} {[%emt 00:00:04]} Rf6+ {[%clk
00:00:10]} {[%emt 00:00:01]} 46. Kd7 {[%clk 00:00:07]} {[%emt 00:00:03]} g6
{[%clk 00:00:09]} {[%emt 00:00:04]} 47. f4 {[%clk 00:00:06]} {[%emt 00:00:04]}
Rf5 {[%clk 00:00:07]} {[%emt 00:00:04]} 48. Rxg6 {[%clk 00:00:05]} {[%emt
00:00:02]} exf4 {[%clk 00:00:05]} {[%emt 00:00:05]} 49. Rxc6 {[%clk 00:00:05]}
{[%emt 00:00:02]} Rd5+ {[%clk 00:00:06]} 50. Kc7 {[%clk 00:00:06]} {[%emt
00:00:02]} fxg3 {[%clk 00:00:03]} {[%emt 00:00:05]} 51. Rg6 {[%clk 00:00:07]}
{[%emt 00:00:01]} Rd3 {[%clk 00:00:04]} {[%emt 00:00:01]} 52. Rg5+ {[%clk
00:00:06]} {[%emt 00:00:03]} Kc4 {[%clk 00:00:05]} {[%emt 00:00:01]} 53. Rxa5
{[%clk 00:00:06]} {[%emt 00:00:02]} Rd2 {[%clk 00:00:06]} {[%emt 00:00:01]} 54.
Kc6 {[%clk 00:00:05]} {[%emt 00:00:03]} Rxg2 {[%emt 00:00:02]} 55. Ra4+ {[%clk
00:00:07]} Kd3 {[%clk 00:00:07]} {[%emt 00:00:01]} 56. b4 {[%clk 00:00:07]}
{[%emt 00:00:02]} Rg1 {[%clk 00:00:06]} {[%emt 00:00:02]} 57. Ra3+ {[%clk
00:00:08]} {[%emt 00:00:02]} Kc2 {[%clk 00:00:06]} {[%emt 00:00:01]} 58. b5
{[%clk 00:00:09]} {[%emt 00:00:02]} g2 {[%clk 00:00:07]} 59. Rg3 {[%clk
00:00:08]} {[%emt 00:00:03]} Kb2 {[%clk 00:00:08]} {[%emt 00:00:02]} 60. b6
{[%clk 00:00:09]} {[%emt 00:00:01]} Rc1+ {[%clk 00:00:09]} {[%emt 00:00:01]} 61.
Kb5 {[%clk 00:00:09]} {[%emt 00:00:02]} g1=Q {[%clk 00:00:07]} {[%emt
00:00:04]} 62. Rxg1 {[%clk 00:00:10]} {[%emt 00:00:01]} Rxg1 {[%clk 00:00:08]}
{[%emt 00:00:01]} 63. b7 {[%clk 00:00:11]} {[%emt 00:00:01]} Rg8 {[%clk
00:00:06]} {[%emt 00:00:03]} 64. Ka6 {[%clk 00:00:10]} {[%emt 00:00:03]} Kxa2
{[%clk 00:00:06]} {[%emt 00:00:02]} 65. Ka7 {[%clk 00:00:11]} {[%emt 00:00:02]}
Rg7 {[%clk 00:00:07]} 66. Ka8 {[%clk 00:00:11]} {[%emt 00:00:02]} Rg8+ {[%clk
00:00:06]} {[%emt 00:00:02]} 67. b8=Q {[%clk 00:00:11]} {[%emt 00:00:02]} Rxb8+
{[%clk 00:00:07]} {[%emt 00:00:01]} 68. Kxb8 {[%clk 00:00:13]} 1/2-1/2

[Event "Turniej Blitza na II Lidze Juniorów 2018"]
[Site "Szczyrk, Poland"]
[Date "????.??.??"]
[Round "9.62"]
[White "Klim, Juliusz"]
[Black "Zalewska, Malgorzata"]
[Result "1-0"]
[TimeControl "3'+2\""]
[WhiteElo "1110"]
[BlackElo "1254"]

1. e4 {[%emt 00:01:37]} e6 {[%emt 00:00:01]} 2. d4 {[%emt 00:00:01]} d5 3. Nc3
{[%emt 00:00:01]} Nf6 {[%emt 00:00:01]} 4. e5 {[%emt 00:00:02]} Nfd7 5. Nf3
{[%emt 00:00:03]} c5 {[%emt 00:00:02]} 6. dxc5 {[%emt 00:00:05]} Nxc5 {[%emt
00:00:01]} 7. Bb5+ {[%emt 00:00:03]} Bd7 {[%emt 00:00:02]} 8. Bxd7+ {[%emt
00:00:04]} Nbxd7 {[%emt 00:00:01]} 9. Be3 {[%emt 00:00:04]} Be7 {[%emt
00:00:04]} 10. O-O {[%emt 00:00:02]} O-O {[%emt 00:00:01]} 11. b4 {[%emt
00:00:03]} Ne4 {[%emt 00:00:04]} 12. Nxe4 {[%emt 00:00:15]} dxe4 {[%emt
00:00:02]} 13. Qd4 {[%emt 00:00:04]} Qc7 {[%emt 00:00:06]} 14. Qxe4 {[%emt
00:00:06]} Rac8 {[%emt 00:00:02]} 15. Rac1 {[%emt 00:00:02]} Qd8 {[%emt
00:00:20]} 16. a3 {[%emt 00:00:09]} Nb6 {[%emt 00:00:02]} 17. Rfd1 {[%emt
00:00:05]} Qe8 {[%emt 00:00:01]} 18. Bg5 {[%emt 00:00:06]} Bxg5 {[%emt
00:00:08]} 19. Nxg5 {[%emt 00:00:02]} g6 {[%emt 00:00:01]} 20. Qh4 {[%emt
00:00:05]} h6 {[%emt 00:00:07]} 21. Qxh6 {[%emt 00:00:02]} Rxc2 {[%emt
00:00:04]} 22. Qh7# {[%clk 00:02:17]} {[%emt 00:00:02]} 1-0

[Event "Turniej Blitza na II Lidze Juniorów 2018"]
[Site "Szczyrk, Poland"]
[Date "????.??.??"]
[Round "9.30"]
[White "Madajczak, Piotr"]
[Black "Pieczewski, Szymon"]
[Result "0-1"]
[TimeControl "3'+2\""]
[WhiteElo "1380"]
[BlackElo "1539"]

1. f4 {[%clk 00:03:03]} Nh6 {[%clk 00:02:59]} {[%emt 00:00:06]} 2. Nf3 {[%clk
00:03:02]} {[%emt 00:00:02]} g6 {[%clk 00:03:01]} {[%emt 00:00:01]} 3. g3
{[%clk 00:03:02]} {[%emt 00:00:02]} Bg7 {[%clk 00:03:02]} 4. Bg2 {[%clk
00:03:03]} {[%emt 00:00:02]} O-O {[%clk 00:03:02]} {[%emt 00:00:02]} 5. O-O
{[%clk 00:03:02]} {[%emt 00:00:03]} c6 {[%clk 00:03:01]} {[%emt 00:00:02]} 6.
e4 {[%clk 00:03:02]} {[%emt 00:00:02]} d5 {[%clk 00:03:01]} {[%emt 00:00:03]} 7.
e5 {[%clk 00:03:02]} {[%emt 00:00:02]} e6 {[%clk 00:02:54]} {[%emt 00:00:08]} 8.
b3 {[%clk 00:02:57]} {[%emt 00:00:07]} Nf5 {[%clk 00:02:54]} {[%emt 00:00:03]}
9. Bb2 {[%clk 00:02:43]} {[%emt 00:00:15]} c5 {[%clk 00:02:54]} {[%emt
00:00:02]} 10. d4 {[%clk 00:02:40]} {[%emt 00:00:05]} cxd4 {[%clk 00:02:54]}
{[%emt 00:00:03]} 11. Nxd4 {[%clk 00:02:40]} {[%emt 00:00:02]} Ne3 {[%clk
00:02:48]} {[%emt 00:00:07]} 12. Qe2 {[%clk 00:02:37]} {[%emt 00:00:03]} Nxf1
{[%clk 00:02:48]} {[%emt 00:00:04]} 13. Bxf1 {[%clk 00:02:37]} {[%emt
00:00:02]} Nc6 {[%clk 00:02:45]} {[%emt 00:00:04]} 14. Nb5 {[%clk 00:02:30]}
{[%emt 00:00:08]} Qb6+ {[%clk 00:02:44]} {[%emt 00:00:05]} 15. Kh1 {[%clk
00:02:31]} {[%emt 00:00:01]} a6 {[%clk 00:02:36]} {[%emt 00:00:11]} 16. Nd6
{[%clk 00:02:19]} {[%emt 00:00:13]} Bd7 {[%clk 00:02:37]} {[%emt 00:00:02]} 17.
Nd2 {[%clk 00:02:10]} {[%emt 00:00:11]} Nd4 {[%clk 00:02:19]} {[%emt 00:00:20]}
18. Qd3 {[%clk 00:01:57]} {[%emt 00:00:14]} Nb5 {[%clk 00:02:15]} {[%emt
00:00:06]} 19. Nxb5 {[%clk 00:01:48]} {[%emt 00:00:11]} Bxb5 {[%clk 00:02:15]}
{[%emt 00:00:02]} 20. Qf3 {[%clk 00:01:43]} {[%emt 00:00:03]} Bxf1 {[%clk
00:02:15]} {[%emt 00:00:07]} 21. Qxf1 {[%clk 00:01:37]} {[%emt 00:00:07]} Rfc8
{[%clk 00:02:12]} {[%emt 00:00:05]} 22. Qd3 {[%clk 00:01:33]} {[%emt 00:00:06]}
Bf8 {[%clk 00:02:03]} {[%emt 00:00:12]} 23. Bd4 {[%clk 00:01:26]} {[%emt
00:00:08]} Bc5 {[%clk 00:01:53]} {[%emt 00:00:12]} 24. Bb2 {[%clk 00:01:17]}
{[%emt 00:00:11]} Be3 {[%clk 00:01:43]} {[%emt 00:00:13]} 25. Nf1 {[%clk
00:01:08]} {[%emt 00:00:10]} d4 {[%clk 00:01:34]} {[%emt 00:00:11]} 26. Nxe3
{[%clk 00:00:54]} {[%emt 00:00:17]} dxe3 {[%clk 00:01:34]} {[%emt 00:00:02]} 27.
Bd4 {[%clk 00:00:53]} {[%emt 00:00:02]} Qc6+ {[%clk 00:01:28]} {[%emt
00:00:09]} 28. Kg1 {[%clk 00:00:52]} {[%emt 00:00:03]} Qxc2 {[%clk 00:01:24]}
{[%emt 00:00:06]} 29. Qxe3 {[%clk 00:00:52]} {[%emt 00:00:02]} Rc6 {[%clk
00:01:12]} {[%emt 00:00:13]} 30. Qf2 {[%clk 00:00:34]} {[%emt 00:00:20]} Qf5
{[%clk 00:01:09]} {[%emt 00:00:05]} 31. Qg2 {[%clk 00:00:27]} {[%emt 00:00:08]}
Qd3 {[%clk 00:00:57]} {[%emt 00:00:15]} 32. Bf2 {[%clk 00:00:19]} {[%emt
00:00:07]} Rac8 {[%clk 00:00:57]} {[%emt 00:00:05]} 33. Qf1 {[%clk 00:00:16]}
{[%emt 00:00:05]} Qf5 {[%clk 00:00:53]} {[%emt 00:00:05]} 34. h4 {[%clk
00:00:05]} {[%emt 00:00:13]} Rc2 {[%clk 00:00:52]} {[%emt 00:00:03]} 35. Rd1
{[%clk 00:00:03]} {[%emt 00:00:05]} Qe4 {[%clk 00:00:31]} {[%emt 00:00:23]} 36.
Kh2 {[%clk 00:00:03]} {[%emt 00:00:03]} Qf3 {[%clk 00:00:27]} {[%emt 00:00:06]}
37. Kg1 {[%clk 00:00:03]} {[%emt 00:00:02]} Rxf2 {[%clk 00:00:23]} {[%emt
00:00:06]} 38. Qxf2 {[%clk 00:00:04]} {[%emt 00:00:01]} Qxd1+ 0-1

[Event "Turniej Blitza na II Lidze Juniorów 2018"]
[Site "Szczyrk, Poland"]
[Date "????.??.??"]
[Round "9.26"]
[White "Tadych, Szymon"]
[Black "Huchwajda, Katarzyna"]
[Result "1/2-1/2"]
[TimeControl "3'+2\""]
[WhiteElo "1437"]
[BlackElo "1690"]

1. e3 {[%clk 00:03:03]} {[%emt 00:00:01]} c5 {[%clk 00:03:00]} {[%emt
00:00:03]} 2. c4 {[%clk 00:03:00]} {[%emt 00:00:06]} e6 {[%clk 00:03:01]}
{[%emt 00:00:01]} 3. d4 {[%clk 00:03:01]} {[%emt 00:00:01]} cxd4 {[%clk
00:03:00]} {[%emt 00:00:03]} 4. exd4 {[%clk 00:03:02]} d5 {[%clk 00:02:56]}
{[%emt 00:00:06]} 5. cxd5 {[%clk 00:03:00]} {[%emt 00:00:04]} Qxd5 {[%clk
00:02:53]} {[%emt 00:00:05]} 6. Nc3 {[%clk 00:02:58]} {[%emt 00:00:04]} Qd8
{[%clk 00:02:54]} {[%emt 00:00:01]} 7. Nf3 {[%clk 00:02:59]} Nf6 {[%clk
00:02:54]} {[%emt 00:00:02]} 8. Bg5 {[%clk 00:02:59]} {[%emt 00:00:02]} Be7
{[%clk 00:02:55]} {[%emt 00:00:01]} 9. Bd3 {[%clk 00:02:53]} {[%emt 00:00:08]}
O-O {[%clk 00:02:54]} {[%emt 00:00:03]} 10. O-O {[%clk 00:02:53]} {[%emt
00:00:02]} h6 {[%clk 00:02:55]} {[%emt 00:00:02]} 11. Bxf6 {[%clk 00:02:52]}
{[%emt 00:00:02]} Bxf6 {[%clk 00:02:56]} 12. Re1 {[%clk 00:02:45]} {[%emt
00:00:10]} Nc6 {[%clk 00:02:54]} {[%emt 00:00:03]} 13. Ne2 {[%clk 00:02:35]}
{[%emt 00:00:12]} Kh8 {[%clk 00:02:52]} {[%emt 00:00:04]} 14. Be4 {[%clk
00:02:34]} {[%emt 00:00:03]} Qb6 {[%clk 00:02:42]} {[%emt 00:00:11]} 15. Qa4
{[%clk 00:02:18]} {[%emt 00:00:19]} Rd8 {[%clk 00:02:35]} {[%emt 00:00:08]} 16.
Red1 {[%clk 00:02:17]} {[%emt 00:00:04]} Bd7 {[%clk 00:02:33]} {[%emt
00:00:03]} 17. Bxc6 {[%clk 00:01:55]} {[%emt 00:00:25]} Bxc6 {[%clk 00:02:33]}
{[%emt 00:00:02]} 18. Qa3 {[%clk 00:01:49]} {[%emt 00:00:08]} Rd7 {[%clk
00:02:17]} {[%emt 00:00:17]} 19. Ne5 {[%clk 00:01:39]} {[%emt 00:00:13]} Bxe5
{[%clk 00:02:17]} {[%emt 00:00:01]} 20. dxe5 {[%clk 00:01:40]} {[%emt
00:00:02]} Rad8 {[%clk 00:02:07]} {[%emt 00:00:10]} 21. Rxd7 {[%clk 00:01:21]}
{[%emt 00:00:23]} Rxd7 {[%clk 00:02:03]} {[%emt 00:00:06]} 22. Nc3 {[%clk
00:01:20]} {[%emt 00:00:03]} a6 {[%clk 00:01:53]} {[%emt 00:00:11]} 23. h3
{[%clk 00:01:21]} {[%emt 00:00:02]} Qd8 {[%clk 00:01:48]} {[%emt 00:00:06]} 24.
Qb3 {[%clk 00:01:14]} {[%emt 00:00:10]} Rd2 {[%clk 00:01:39]} {[%emt 00:00:10]}
25. Rd1 {[%clk 00:01:15]} {[%emt 00:00:02]} Rxd1+ {[%clk 00:01:31]} {[%emt
00:00:11]} 26. Nxd1 {[%clk 00:01:11]} {[%emt 00:00:05]} Bd5 {[%clk 00:01:26]}
{[%emt 00:00:06]} 27. Qd3 {[%clk 00:01:05]} {[%emt 00:00:05]} Qc7 {[%clk
00:01:24]} {[%emt 00:00:06]} 28. Nc3 {[%clk 00:00:42]} {[%emt 00:00:26]} Qxe5
{[%clk 00:01:07]} {[%emt 00:00:20]} 29. Nxd5 {[%clk 00:00:44]} {[%emt
00:00:01]} exd5 {[%clk 00:00:50]} {[%emt 00:00:18]} 30. Qd2 {[%clk 00:00:44]}
{[%emt 00:00:02]} Qe4 {[%clk 00:00:44]} {[%emt 00:00:07]} 31. f3 {[%clk
00:00:43]} {[%emt 00:00:03]} Qb1+ {[%clk 00:00:42]} {[%emt 00:00:04]} 32. Kh2
{[%clk 00:00:40]} {[%emt 00:00:06]} Qxa2 {[%clk 00:00:41]} {[%emt 00:00:03]} 33.
Qc3 {[%clk 00:00:37]} {[%emt 00:00:05]} Qc4 {[%clk 00:00:38]} {[%emt 00:00:05]}
34. Qe5 {[%clk 00:00:38]} {[%emt 00:00:01]} Qc6 {[%clk 00:00:31]} {[%emt
00:00:08]} 35. Qb8+ {[%clk 00:00:37]} {[%emt 00:00:04]} Kh7 {[%clk 00:00:32]}
{[%emt 00:00:02]} 36. Qe5 {[%clk 00:00:37]} b5 {[%clk 00:00:26]} {[%emt
00:00:07]} 37. g4 {[%clk 00:00:39]} a5 {[%clk 00:00:22]} {[%emt 00:00:07]} 38.
h4 {[%clk 00:00:41]} {[%emt 00:00:01]} b4 {[%clk 00:00:16]} {[%emt 00:00:08]}
39. g5 {[%clk 00:00:42]} {[%emt 00:00:01]} hxg5 {[%clk 00:00:15]} {[%emt
00:00:02]} 40. hxg5 {[%clk 00:00:43]} {[%emt 00:00:01]} a4 {[%clk 00:00:12]}
{[%emt 00:00:05]} 41. Qf5+ {[%clk 00:00:43]} {[%emt 00:00:02]} Kg8 {[%clk
00:00:11]} {[%emt 00:00:03]} 42. Qe5 {[%clk 00:00:41]} {[%emt 00:00:04]} a3
{[%clk 00:00:09]} {[%emt 00:00:05]} 43. Qb8+ {[%clk 00:00:40]} {[%emt
00:00:02]} Kh7 {[%clk 00:00:09]} {[%emt 00:00:02]} 44. Qxb4 {[%clk 00:00:41]}
{[%emt 00:00:02]} axb2 {[%clk 00:00:09]} {[%emt 00:00:02]} 45. Qxb2 {[%clk
00:00:42]} {[%emt 00:00:02]} Qd6+ {[%clk 00:00:08]} {[%emt 00:00:01]} 46. Kh3
{[%clk 00:00:42]} {[%emt 00:00:01]} Qe6+ {[%clk 00:00:09]} {[%emt 00:00:02]} 47.
Kg3 {[%clk 00:00:43]} Qd6+ {[%clk 00:00:08]} {[%emt 00:00:03]} 48. f4 {[%clk
00:00:43]} {[%emt 00:00:02]} d4 {[%clk 00:00:09]} 49. Qc2+ {[%clk 00:00:44]}
{[%emt 00:00:02]} d3 {[%clk 00:00:10]} 50. Qd2 {[%clk 00:00:45]} Qd4 {[%emt
00:00:04]} 51. Kg4 Qd7+ {[%clk 00:00:09]} 52. Kg3 {[%clk 00:00:48]} {[%emt
00:00:01]} Qd4 53. Kg4 Qd7+ {[%clk 00:00:11]} {[%emt 00:00:01]} 54. Kg3 {[%clk
00:00:52]} Qd4 {[%clk 00:00:12]} 55. Kg4 {[%clk 00:00:53]} Qd7+ {[%clk
00:00:13]} 1/2-1/2